LIBRARY & INFORMATION CENTRE, KCAET, TAVANUR

ONLINE PUBLIC ACCESS CATALOGUE (OPAC)

Pandya parijat / (Record no. 12293)

MARC details
000 -LEADER
fixed length control field 00344cam a2200145ua 4500
041 ## - LANGUAGE CODE
Language code of text/sound track or separate title hin
082 ## - DEWEY DECIMAL CLASSIFICATION NUMBER
Classification number 891.43
Item number RAJ/PA
100 ## - MAIN ENTRY--AUTHOR NAME
Personal name Rajeswari, M .
245 ## - TITLE STATEMENT
Title Pandya parijat /
260 ## - PUBLICATION, DISTRIBUTION, ETC. (IMPRINT)
Place of publication :
Name of publisher Prasad pustak Mandir ,
Year of publication 1970.
300 ## - PHYSICAL DESCRIPTION
Number of Pages 110 ; .
942 ## - ADDED ENTRY ELEMENTS (KOHA)
Koha item type Books
Holdings
Withdrawn status Lost status Damaged status Home library Current library Date acquired Full call number Accession Number Koha item type
      KAUAET KAUAET 07/04/2012 891.43 12951 Books
free website counter